STN EN 16723-1: 2017 (65 6590), Zemný plyn a biometán na používanie v doprave a biometán na dodávanie do plynárenských sietí Časť 1 Špecifikácie biometánu na dodávanie do plynárenských sietí

Táto norma je slovenskou verziou európskej normy EN 16723-1: 2016. Preklad zabezpečil Úrad pre normalizáciu, metrológiu a skúšobníctvo Slovenskej republiky. Táto norma má rovnaké postavenie, ako majú oficiálne verzie

Bibliographic Details
Corporate Author: RH PARTNER plus (Bratislava, Slovensko) (Translator)
Other Authors: Hrivík, Peter (Translator)
Format: Book
Language:Slovak
English
PhysicalDescription:20 s. obr., tab. 30 cm
Published: Bratislava Úrad pre normalizáciu, metrológiu a skúšobníctvo Slovenskej republiky 2017
Subjects:

MARC

LEADER 00000cam a2200000 a 4500
001 vtls011709518
003 SK-MaSNL
005 20260302090452.0
008 170905s2017 xo a f u 000 0 slo
015 |a SNBN2018 
040 |a SNK  |b slo  |c SNK  |e AACR2 
041 1 |a slo  |h eng 
044 |a xo  |c SK 
046 |a s  |m 201709 (účin.) 
072 7 |a 662  |x Výbušniny. Palivá  |2 konspekt 
080 |a 662.76  |2 2011 
080 |a 006.7/.8  |2 2001 
080 |a (437.6)  |2 2001 
080 |a (4)  |2 2001 
080 |a 662.756+662.767  |2 2011 
080 |a (083.74)  |2 2011 
080 |a 662.767.2  |2 2011 
084 |a 27.190  |2 ICS 
130 0 |a STN 65 6590 (STN EN 16723-1)  |9 757870 
245 1 0 |a STN EN 16723-1: 2017 (65 6590), Zemný plyn a biometán na používanie v doprave a biometán na dodávanie do plynárenských sietí  |n Časť 1  |p Špecifikácie biometánu na dodávanie do plynárenských sietí 
246 1 0 |a Zemný plyn a biometán na používanie v doprave a biometán na dodávanie do plynárenských sietí 
246 1 0 |a Špecifikácie biometánu na dodávanie do plynárenských sietí 
246 3 0 |a EN 16723-1: 2016 SK 
260 |a Bratislava  |b Úrad pre normalizáciu, metrológiu a skúšobníctvo Slovenskej republiky  |c 2017 
300 |a 20 s.  |b obr., tab.  |c 30 cm 
500 |a Súbežný názov v angličtine, francúzštine, nemčine 
500 |a Spracovateľ: RH PATNER plus Bratislava, Peter Hrivík 
500 |a Táto norma nahrádza anglickú verziu STN EN 16723-1 z marca 2017 v celom rozsahu 
504 |a Normatívne referenčné dokumenty s. 2 ; literatúra s. 18-19 
520 8 |a Táto norma je slovenskou verziou európskej normy EN 16723-1: 2016. Preklad zabezpečil Úrad pre normalizáciu, metrológiu a skúšobníctvo Slovenskej republiky. Táto norma má rovnaké postavenie, ako majú oficiálne verzie 
540 |a STN vydané na akomkoľvek nosiči sa môžu rozmnožovať a rozširovať iba so súhlasom určenej právnickej osoby  |b SÚTN Bratislava  |c zákon 264/1999 Z. z. 
650 0 7 |a plynné palivá  |2 SNKPH  |9 50878 
650 0 7 |a technické normy a štandardy  |z Slovensko  |2 SNKPH  |9 79594 
650 0 7 |a technické normy a štandardy  |z krajiny Európskej únie  |2 SNKPH  |9 289341 
650 0 7 |a biopalivá  |2 SNKPH  |9 20474 
650 0 7 |a bioplyn  |2 SNKPH  |9 16493 
650 0 7 |a Gas fuels  |2 SNKPHeng  |9 359590 
650 0 7 |a Biofuels  |2 SNKPHeng  |9 327718 
650 0 7 |a Biogas  |2 SNKPHeng  |9 113225 
655 7 |a normy  |2 SNKPH  |9 70643 
700 1 |a Hrivík, Peter  |4 trl  |9 320412 
710 1 |a Slovensko.  |b Úrad pre normalizáciu, metrológiu a skúšobníctvo  |4 stn  |9 158117 
710 2 |a Slovenský ústav technickej normalizácie (Bratislava, Slovensko).  |b Technická komisia č. 50 Ropa, plynné a kvapalné palivá, ostatné výrobky z ropy a palivá z obnoviteľných zdrojov  |4 stn  |9 313604 
710 2 |a RH PARTNER plus (Bratislava, Slovensko)  |4 trl  |9 757871 
852 |a Štátna vedecká knižnica v Banskej Bystrici 
958 |a OP 
958 |a NB 
999 |c 1196773  |d 1198703 
952 |a SNK  |b SNK  |y PREZ  |7 0  |p 17A1305983  |o snkSTN EN 16723-1  |i snk2017/27671  |8 0  |0 0  |1 0  |4 0  |d 2017-12-13  |l 0  |r 2026-02-24 22:29:30  |w 2026-02-24 
952 |a SNK  |b SNK  |y PREZ  |7 0  |p 17A1305982  |o snkSTN EN 16723-1 D1  |i snk2017/27673  |8 0  |0 0  |1 0  |4 0  |d 2017-12-13  |l 0  |r 2026-02-24 22:29:30  |w 2026-02-24